000 00718nam a22002297a 4500
003 BUBTL
008 240213b ||||| |||| 00| 0 eng d
020 _a9788120335271
041 _aeng
082 _a658/ G9592p/ 2021
100 _95679
_aGupta, Meenakshi
245 _aPrinciples of Management /
_c Meenakshi Gupta
250 _a1st ed.
260 _aDelhi:
_bPHI Learning Private Limited,
_cc2021
300 _axi, 271 p. :
_c24 cm.
500 _aIncludes Index
505 _aPrinciples of Management, The Nature of Management, Evolution of management thought, Strategic Planning
650 0 _939
_aManagement
856 _k0
_l0
_yDownload
942 _2ddc
_cBK
999 _c7218
_d7218